000 00913nas a2200301 4500
001 BR9102559
003 BR-BrBNA
005 20231205092023.0
007 ta
008 230509b bl.|||p| |||| 00| 00por d
040 _aBR-BrBNA
_bpor
_cBiblioteca Nacional de Agricultura
041 _a(Pt)
072 _aF08
100 1 _aSantos, H.P. dos
100 1 _aReis, E.M.
245 1 _aEfeitos de culturas de inverno sobre o rendimento de graos e sobre a estatura de plantas da soja
246 1 _aEffects of winter crops on yield and plant height of soybeans
650 _aSOJA
650 _aAVEIA
650 _aCEVADA
650 _aCOLZA
650 _aLINHO
650 _aTRIGO
650 _aROTACAO DE CULTURA
773 0 _tPesquisa Agropecuaria Brasileira (Brazil)
_xISSN 0100-204X
_g(May 1991), v. 26(5) p. 729-735
_wBR9102559
909 _a202311
_bLúcia
_c55
_dLúcia Elande
942 _2AGRIS
_n0
_cANA
999 _c128743
_d128743